LEADER 01024nam a2200277 i 4500 001 991001400789707536 005 20020507125402.0 008 010213s1999 us ||| | eng 020 $a038798836X 035 $ab1021544x-39ule_inst 035 $aLE02985243$9ExL 040 $aISUFI - Sett. Diritti e Politiche Euromediterranee$bita 082 0 $a519 100 1 $aDurrett, Richard$055577 245 10$aEssentials of stochastic processes /$cRick Durrett 260 $aNew York :$bSpringer,$cc1999 300 $avi, 281 p. :$bill. ;$c25 cm. 490 0 $aSpringer texts in statistics 500 $aIncludes bibliographical references (p. [271]-272) and index. 650 4$aProcesso stocastico 907 $a.b1021544x$b17-02-17$c27-06-02 912 $a991001400789707536 945 $aLE029 519 DUR01.01$g1$iLE029-1807$lle029$o-$pE0.00$q-$rn$so $t0$u0$v0$w0$x0$y.i10264231$z27-06-02 996 $aEssentials of stochastic processes$973469 997 $aUNISALENTO 998 $ale029$b01-01-01$cm$da $e-$feng$gus $h0$i1 LEADER 01280nam--2200385---450- 001 990001737670203316 005 20060127150415.0 035 $a000173767 035 $aUSA01000173767 035 $a(ALEPH)000173767USA01 035 $a000173767 100 $a20040609d1979----km-y0itay0103----ba 101 0 $aita 102 $aIT 105 $aa|||||||001yy 200 1 $aArte italiana e arte tedesca con altre congiunture fra Italia ed Europa$e1939-1969$earte italiana e arte tedesca, i fiamminghi e l'Italia...$fRoberto Longhi 210 $aFirenze$cSansoni$d1979 215 $a155 p.$cill.$d26 cm. 225 2 $aEdizione delle opere complete di Roberto Longhi$v9 410 0$12001$aEdizione delle opere complete di Roberto Longhi$v9 454 1$12001 461 1$1001-------$12001 606 0 $aArte italiana 606 0 $aArte tedesca 676 $a709.45 700 1$aLONGHI,$bRoberto$036305 801 0$aIT$bsalbc$gISBD 912 $a990001737670203316 951 $aXII.2.D. 515/9(VII E 217/9)$b88421 L.M.$cVII E 959 $aBK 969 $aUMA 979 $aSIAV8$b10$c20040609$lUSA01$h1003 979 $aCOPAT6$b90$c20060127$lUSA01$h1504 996 $aArte italiana e arte tedesca con altre congiunture fra Italia ed Europa$9252896 997 $aUNISA